[Event "FRA-ch op-A"]
[Site "Pau"]
[Date "2008.08.21"]
[Round "9"]
[White "Redon, Bruno"]
[Black "Lograda, Alexis"]
[Result "1-0"]
[WhiteElo "2164"]
[BlackElo "2033"]
[PlyCount "81"]
[EventDate "2008.08.11"]
[EventType "swiss"]
[EventRounds "9"]
[EventCountry "FRA"]
[SourceTitle "CBM 126 Extra"]
[Source "ChessBase"]
[SourceDate "2008.11.05"]
[SourceVersion "1"]
[SourceVersionDate "2008.11.05"]
[SourceQuality "1"]

1. e4 c5 2. Nf3 d6 3. d4 cxd4 4. Nxd4 Nf6 5. Nc3 a6 6. Bg5 e6 7. f4 Be7 8. Qf3 h6 9. Bxf6 Bxf6 10. 0-0-0 Qb6 11. Nde2 Nd7 12. g4 g5 13. h4 gxh4 14. Kb1 Qc7 15. Rg1 Rg8 16. Bh3 Be7 17. Nd4 Nf8 18. g5 hxg5 19. f5 g4 20. Bxg4 Rxg4 21. Rxg4 Bd7 22. f6 Bd8 23. Rg8 Qc5 24. Rdg1 Bc6 25. Nxc6 bxc6 26. e5 d5 27. Na4 Qb4 28. R8g4 Qb5 29. Rxh4 Bc7 30. Qc3 0-0-0 31. a3 a5 32. Re1 Ng6 33. Rg4 d4 34. Rxd4 Bxe5 35. Rxd8+ Kxd8 36. Qd2+ Ke8 37. Nc3 Qc5 38. Rd1 Bxf6 39. Ne4 Qe5 40. Nxf6+ Qxf6 41. Qd6 1-0

[Event "FRA-ch op-A"]
[Site "Pau"]
[Date "2008.08.19"]
[Round "7"]
[White "Duchateau, Thomas"]
[Black "Redon, Bruno"]
[Result "1-0"]
[WhiteElo "2088"]
[BlackElo "2164"]
[PlyCount "85"]
[EventDate "2008.08.11"]
[EventType "swiss"]
[EventRounds "9"]
[EventCountry "FRA"]
[SourceTitle "CBM 126 Extra"]
[Source "ChessBase"]
[SourceDate "2008.11.05"]
[SourceVersion "1"]
[SourceVersionDate "2008.11.05"]
[SourceQuality "1"]

1. d4 Nf6 2. c4 e6 3. Nf3 c5 4. d5 b5 5. dxe6 fxe6 6. cxb5 d5 7. e3 Bd6 8. Nc3 0-0 9. Bd3 Bb7 10. Qe2 Bc7 11. 0-0 Ne4 12. Rd1 Nd7 13. Qc2 Rxf3 14. gxf3 Qg5+ 15. Kf1 Nxc3 16. bxc3 Bxh2 17. Bxh7+ Kh8 18. Qg6 Qh4 19. Qxe6 Ne5 20. Bg6 Rf8 21. f4 Ng4 22. Rd2 Qh3+ 23. Ke1 d4 24. Qe7 Rb8 25. Be4 Nxe3 26. fxe3 Qxe3+ 27. Kd1 Qg1+ 28. Kc2 d3+ 29. Bxd3 Bxf4 30. Qh4+ Bh6 31. Bf5 Rf8 32. Rf2 Be4+ 33. Kb2 Rxf5 34. Rxf5 Bxf5 35. Bxh6 Qg2+ 36. Bd2+ Kg8 37. Qd8+ Kh7 38. Re1 c4 39. Re8 Bd3 40. Rh8+ Kg6 41. Qe8+ Kf5 42. Rf8+ Kg4 43. Rf4+ 1-0

[Event "FRA-ch op-A"]
[Site "Pau"]
[Date "2008.08.15"]
[Round "4"]
[White "Redon, Bruno"]
[Black "Poignot, Quentin"]
[Result "0-1"]
[WhiteElo "2164"]
[BlackElo "2087"]
[PlyCount "72"]
[EventDate "2008.08.11"]
[EventType "swiss"]
[EventRounds "9"]
[EventCountry "FRA"]
[SourceTitle "CBM 126 Extra"]
[Source "ChessBase"]
[SourceDate "2008.11.05"]
[SourceVersion "1"]
[SourceVersionDate "2008.11.05"]
[SourceQuality "1"]

1. d4 Nf6 2. Nf3 c5 3. c4 e6 4. Nc3 cxd4 5. Nxd4 Bb4 6. Nc2 Bxc3+ 7. bxc3 0-0 8. Ba3 Re8 9. e3 d5 10. Be2 Nc6 11. 0-0 Qc7 12. cxd5 Nxd5 13. c4 Nc3 14. Qd2 Nxe2+ 15. Qxe2 e5 16. Rfd1 Na5 17. Rac1 Qxc4 18. Qd2 b6 19. Nb4 Qg4 20. f3 Qg5 21. Nd5 Bb7 22. Rc7 Bxd5 23. Qxd5 Qxe3+ 24. Kh1 Qf4 25. Bb4 h6 26. g3 Qf5 27. Qe4 Qh3 28. Qd5 Qf5 29. g4 Qf6 30. Be7 Qf4 31. Rdc1 Rab8 32. g5 Rxe7 33. Rc8+ Rxc8 34. Rxc8+ Kh7 35. g6+ Kxg6 36. Rc2 Qd4 0-1

[Event "FRA-ch op-A"]
[Site "Aix les Bains"]
[Date "2007.08.19"]
[Round "6"]
[White "Redon, Bruno"]
[Black "Migot, Tangi"]
[Result "0-1"]
[WhiteElo "2198"]
[BlackElo "2002"]
[PlyCount "175"]
[EventDate "2007.08.13"]
[EventType "swiss"]
[EventRounds "11"]
[EventCountry "FRA"]
[SourceTitle "CBM 120 Extra"]
[Source "ChessBase"]
[SourceDate "2007.11.01"]
[SourceVersion "1"]
[SourceVersionDate "2007.11.01"]
[SourceQuality "1"]

1. Nf3 c5 2. d4 e6 3. e4 cxd4 4. Nxd4 a6 5. g3 Qc7 6. Nb3 Nc6 7. Bg2 Nf6 8. 0-0 Be7 9. Be3 0-0 10. Qe2 d6 11. a4 b6 12. N1d2 Bd7 13. f4 Nd8 14. Rfc1 Bc6 15. a5 b5 16. Bb6 Qb7 17. Nd4 Nd7 18. Nxc6 Nxc6 19. Bf2 e5 20. c3 Bd8 21. b4 Bf6 22. Nf1 Rac8 23. Qd3 Be7 24. Ne3 Nf6 25. f5 Rfd8 26. g4 Bf8 27. Bf3 Ne8 28. Kh1 f6 29. Rg1 Ne7 30. Bh4 Kh8 31. Be1 Nc7 32. Rd1 Rd7 33. g5 Ng8 34. Ng4 Ne8 35. h4 Qc6 36. Ne3 Nc7 37. Qf1 Re8 38. Qg2 Qa8 39. Ng4 Be7 40. h5 Qd8 41. Bg3 fxg5 42. Bxe5 Bf6 43. Bd4 Be5 44. Nxe5 dxe5 45. Bb6 h6 46. Rxd7 Qxd7 47. Rd1 Qc6 48. Bc5 Nf6 49. Rd6 Qa8 50. Qd2 Kh7 51. Rxf6 gxf6 52. Qd7+ Kg8 53. Qxc7 g4 54. Be2 Qd8 55. Qxd8 Rxd8 56. Bf1 Rd1 57. Kg2 Rc1 58. c4 bxc4 59. Be3 Rc2+ 60. Kg3 Kg7 61. Kxg4 Rc3 62. Kf3 Rc2 63. Be2 Rc3 64. Kf2 Kh7 65. Bd2 Rc2 66. Ke1 c3 67. Bxc3 Rxc3 68. Bxa6 Rb3 69. Bb7 Rxb4 70. a6 Ra4 71. Kd2 Kg7 72. Kc3 Kf7 73. Kb3 Ra1 74. Kc4 Ke7 75. Kc5 Kd7 76. Bc6+ Kc7 77. Bb5 Ra5 78. Kd5 Rxb5+ 79. Ke6 Rb6+ 80. Kf7 Rxa6 81. Kg7 Kd7 82. Kf7 Rb6 83. Kf8 Kd8 84. Kf7 Rd6 85. Kg6 Ke7 86. Kxh6 Rd4 87. Kg6 Rxe4 88. h6 0-1

[Event "Quincampoix Grand Prix op"]
[Site "Quincampoix"]
[Date "2005.10.31"]
[Round "5"]
[White "Duverne, Jean Marie"]
[Black "Redon, Bruno"]
[Result "1/2-1/2"]
[WhiteElo "2039"]
[BlackElo "2192"]
[PlyCount "95"]
[EventDate "2005.10.28"]
[EventType "swiss"]
[EventRounds "7"]
[EventCountry "FRA"]
[SourceTitle "EXT 2008"]
[Source "ChessBase"]
[SourceDate "2007.11.25"]
[SourceVersion "1"]
[SourceVersionDate "2007.11.25"]
[SourceQuality "1"]

1. e4 c5 2. Nf3 Nc6 3. d4 cxd4 4. Nxd4 Nf6 5. Nc3 e6 6. Nxc6 bxc6 7. e5 Nd5 8. Ne4 Qc7 9. f4 Qb6 10. Qd2 f5 11. Nd6+ Bxd6 12. exd6 c5 13. g3 Bb7 14. Bg2 Nf6 15. Bxb7 Qxb7 16. 0-0 0-0 17. b3 Rfc8 18. Bb2 Ne4 19. Qe3 c4 20. Be5 cxb3 21. cxb3 Rc2 22. Rfc1 Rac8 23. Rxc2 Rxc2 24. Rc1 Qc6 25. Rxc2 Qxc2 26. a4 a5 27. Bd4 Nd2 28. Qf2 Qb1+ 29. Kg2 Qe4+ 30. Kh3 Nf3 31. Be3 h6 32. Kg2 Nd2+ 33. Kh3 Nxb3 34. Bb6 Qxa4 35. Qc2 Qb5 36. Be3 Qf1+ 37. Kh4 g5+ 38. fxg5 hxg5+ 39. Bxg5 Kf7 40. Qc7 Nc5 41. Qd8 Qc4+ 42. Bf4 e5 43. Qe7+ Kg6 44. Qg5+ Kh7 45. Qxf5+ Kg8 46. Qg6+ Kf8 47. Qf6+ Qf7 48. Qh8+ 1/2-1/2

[Event "FRA-ch Accession"]
[Site "Chartres"]
[Date "2005.??.??"]
[Round "1"]
[White "Redon, Bruno"]
[Black "Onkoud, Abdelaziz"]
[Result "0-1"]
[WhiteElo "2214"]
[BlackElo "2361"]
[PlyCount "64"]
[EventDate "2005.08.15"]
[EventType "swiss"]
[EventRounds "10"]
[EventCountry "FRA"]
[SourceTitle "EXT 2006"]
[Source "ChessBase"]
[SourceDate "2005.11.24"]
[SourceVersion "1"]
[SourceVersionDate "2005.11.24"]
[SourceQuality "1"]

1. d4 g6 2. c4 Bg7 3. e4 d6 4. Nc3 Nc6 5. d5 Ne5 6. f4 Nd7 7. Nf3 e6 8. dxe6 fxe6 9. Nd4 Qe7 10. Be2 c6 11. 0-0 Ngf6 12. e5 dxe5 13. fxe5 Nxe5 14. Bf4 Nf7 15. Nc2 0-0 16. Ne3 e5 17. Bg3 Be6 18. Qe1 Rad8 19. Rd1 Rd4 20. Qf2 Ne4 21. Nxe4 Rxe4 22. Bd3 Ng5 23. Qe1 Rxf1+ 24. Kxf1 Rd4 25. Nc2 Rxd3 26. Rxd3 Bxc4 27. Qc3 Qf7+ 28. Ke1 Bxd3 29. Qxd3 Qd5 30. Qe3 Ne4 31. Bh4 Bf8 32. b4 Qc4 0-1

[Event "FRA-ch opA"]
[Site "Val d'Isere"]
[Date "2004.08.??"]
[Round "1"]
[White "Redon, Bruno"]
[Black "Ribeiro, Romain"]
[Result "1-0"]
[WhiteElo "2190"]
[BlackElo "2052"]
[PlyCount "69"]
[EventDate "2004.08.16"]
[EventType "swiss"]
[EventRounds "9"]
[EventCountry "FRA"]
[SourceTitle "EXT 2005"]
[Source "ChessBase"]
[SourceDate "2004.11.15"]
[SourceVersion "1"]
[SourceVersionDate "2004.11.15"]
[SourceQuality "1"]

1. Nc3 c5 2. e4 d6 3. f4 Nc6 4. Bb5 g6 5. Nf3 Bg7 6. 0-0 Bd7 7. d3 e6 8. f5 exf5 9. exf5 Bxf5 10. Nd5 Bd7 11. Bg5 f6 12. Qe2+ Nce7 13. Bc4 h6 14. Bf4 Bc6 15. Qe6 Qd7 16. Nc7+ Kd8 17. Nxa8 b5 18. Bb3 Nc8 19. Rae1 Nge7 20. Qf7 Rg8 21. Bd2 b4 22. Nh4 f5 23. Be6 Qe8 24. Qxe8+ Rxe8 25. Bf7 Rf8 26. Bxg6 Bf6 27. Bxf5 Bxh4 28. Bxc8 Rg8 29. Bh3 Bxe1 30. Rxe1 h5 31. Bf4 Rg6 32. Nc7 Rxg2+ 33. Bxg2 Nf5 34. Nd5 Nh4 35. Re2 1-0

[Event "Plancoet op 4th"]
[Site "Plancoet"]
[Date "2004.07.30"]
[Round "7"]
[White "Froeyman, Helmut"]
[Black "Redon, Bruno"]
[Result "1-0"]
[WhiteElo "2317"]
[BlackElo "2190"]
[PlyCount "83"]
[EventDate "2004.07.25"]
[EventType "swiss"]
[EventRounds "9"]
[EventCountry "FRA"]
[SourceTitle "CBM 101 Extra"]
[Source "ChessBase"]
[SourceDate "2004.09.01"]
[SourceVersion "2"]
[SourceVersionDate "2004.09.01"]
[SourceQuality "1"]

1. e4 c5 2. Nf3 Nc6 3. d4 cxd4 4. Nxd4 Nf6 5. Nc3 e6 6. Nxc6 bxc6 7. e5 Nd5 8. Ne4 Qc7 9. f4 f5 10. Nd6+ Bxd6 11. exd6 Qa5+ 12. Qd2 Qxd2+ 13. Bxd2 a5 14. 0-0-0 Ba6 15. c4 Nb6 16. b3 Bc8 17. Bd3 Kf7 18. Rhe1 g6 19. Re5 a4 20. Be3 Rb8 21. Ra5 axb3 22. axb3 Re8 23. Kc2 Na8 24. Ba7 Rb7 25. Bd4 Rb8 26. h4 c5 27. Rxc5 Rb6 28. Be5 Bb7 29. g3 Bf3 30. Ra1 Rb7 31. Rca5 Nb6 32. Ra7 Reb8 33. Rxb7 Rxb7 34. Kc3 h6 35. b4 g5 36. hxg5 hxg5 37. fxg5 Kg6 38. Bf4 Rb8 39. Ra6 Bd1 40. b5 Na4+ 41. Kd4 Rc8 42. Ra7 1-0

[Event "Plancoet op 4th"]
[Site "Plancoet"]
[Date "2004.07.29"]
[Round "6"]
[White "Redon, Bruno"]
[Black "Triger, Franck"]
[Result "1-0"]
[WhiteElo "2190"]
[BlackElo "2164"]
[PlyCount "67"]
[EventDate "2004.07.25"]
[EventType "swiss"]
[EventRounds "9"]
[EventCountry "FRA"]
[SourceTitle "CBM 101 Extra"]
[Source "ChessBase"]
[SourceDate "2004.09.01"]
[SourceVersion "2"]
[SourceVersionDate "2004.09.01"]
[SourceQuality "1"]

1. c4 e6 2. e4 d5 3. exd5 exd5 4. cxd5 Nf6 5. Bb5+ Bd7 6. Bc4 Bd6 7. Qe2+ Qe7 8. Nc3 0-0 9. Qxe7 Bxe7 10. Nge2 Bd6 11. d3 Re8 12. h3 Bf5 13. g4 Bc8 14. Be3 a6 15. a4 Nbd7 16. g5 Nh5 17. 0-0-0 Ne5 18. Nd4 Bd7 19. Bb3 Bc5 20. Nc2 Bxe3+ 21. fxe3 Nf3 22. Rdf1 Ne5 23. d4 Ng6 24. Rhg1 Rf8 25. Rf3 Rae8 26. e4 Nh4 27. Re3 g6 28. Ne2 Re7 29. e5 Rfe8 30. Rc3 Bc8 31. a5 Rd8 32. Rf1 Nf5 33. Ne3 Nhg7 34. Ng4 1-0

[Event "Plancoet op 3rd"]
[Site "Plancoet"]
[Date "2003.07.30"]
[Round "5"]
[White "Redon, Bruno"]
[Black "Labarthe, Arnaud"]
[Result "1-0"]
[WhiteElo "2204"]
[BlackElo "1993"]
[PlyCount "67"]
[EventDate "2003.07.26"]
[EventType "swiss"]
[EventRounds "9"]
[EventCountry "FRA"]
[SourceTitle "CBM 095 Extra"]
[Source "ChessBase"]
[SourceDate "2003.09.04"]
[SourceVersion "1"]
[SourceVersionDate "2003.09.04"]
[SourceQuality "1"]

1. Nf3 Nc6 2. c4 e5 3. Nc3 f5 4. d4 exd4 5. Nxd4 g6 6. Bf4 d6 7. Nd5 Bd7 8. Nxc6 bxc6 9. Qd4 cxd5 10. Qxh8 Kf7 11. Qd4 Bg7 12. Qxd5+ Be6 13. Qd2 Nf6 14. Bg5 Qh8 15. Bxf6 Bxf6 16. 0-0-0 Bxc4 17. Qc2 Be6 18. e3 Rb8 19. b3 Qd8 20. Bc4 d5 21. Be2 Qd6 22. f4 a5 23. Rd3 Qa3+ 24. Kd1 c5 25. b4 Qb2 26. Qxb2 Bxb2 27. bxc5 Bf6 28. Rb3 Rc8 29. Kd2 d4 30. Rb7+ Kg8 31. Rc1 Bd5 32. Bc4 Rxc5 33. Bxd5+ Rxd5 34. Rc8+ 1-0

[Event "Plancoet op 3rd"]
[Site "Plancoet"]
[Date "2003.07.28"]
[Round "3"]
[White "Redon, Bruno"]
[Black "Bleuzen, Cedric"]
[Result "1-0"]
[WhiteElo "2204"]
[BlackElo "1995"]
[PlyCount "117"]
[EventDate "2003.07.26"]
[EventType "swiss"]
[EventRounds "9"]
[EventCountry "FRA"]
[SourceTitle "CBM 095 Extra"]
[Source "ChessBase"]
[SourceDate "2003.09.04"]
[SourceVersion "1"]
[SourceVersionDate "2003.09.04"]
[SourceQuality "1"]

1. e4 c5 2. Nc3 Nc6 3. Nf3 d6 4. d4 cxd4 5. Nxd4 e5 6. Nb3 Nf6 7. Bg5 Be7 8. Bxf6 Bxf6 9. g3 Be6 10. Nd5 Be7 11. Bg2 0-0 12. 0-0 Rc8 13. c3 Re8 14. Qd3 Bxd5 15. Qxd5 Qb6 16. a4 Nd8 17. Rfd1 Ne6 18. a5 Qc6 19. Bh3 Bf8 20. Nd2 Rc7 21. Qxc6 Rxc6 22. Nf1 Rd8 23. Ne3 Nc7 24. Bf1 g6 25. Bc4 Ne6 26. Bd5 Rc7 27. Nc4 Kg7 28. Bxe6 fxe6 29. Nxe5 Be7 30. Nd3 Rc4 31. f3 Rdc8 32. Kf2 Kf7 33. Ke3 Bf8 34. Ra3 R8c7 35. Rda1 Ke7 36. Rb3 Kd7 37. a6 bxa6 38. Rxa6 Bh6+ 39. f4 R4c6 40. Ra5 Rb6 41. Rba3 Rbb7 42. h4 Ke7 43. Ra1 Bf8 44. R1a2 Kf6 45. Ra6 Ke7 46. Nb4 Kd7 47. Nc2 Be7 48. R6a5 Bf6 49. h5 e5 50. Nb4 exf4+ 51. gxf4 Ke6 52. Nd5 Rd7 53. hxg6 hxg6 54. Ra6 Bg7 55. Kd3 Bh6 56. b4 Rg7 57. e5 Kf5 58. Rxd6 Bxf4 59. Rf6+ 1-0

[Event "Dieppe op 1st"]
[Site "Dieppe"]
[Date "2000.??.??"]
[Round "4"]
[White "Murey, Jacob"]
[Black "Redon, Bruno"]
[Result "1-0"]
[WhiteElo "2509"]
[BlackElo "2185"]
[PlyCount "59"]
[EventDate "2000.08.??"]
[EventType "swiss"]
[EventRounds "7"]
[EventCountry "FRA"]
[SourceTitle "EXT 2005"]
[Source "ChessBase"]
[SourceDate "2004.11.15"]
[SourceVersion "1"]
[SourceVersionDate "2004.11.15"]
[SourceQuality "1"]

1. c4 Nf6 2. Nc3 g6 3. e4 d6 4. d4 Bg7 5. f3 0-0 6. Be3 c5 7. dxc5 dxc5 8. Bxc5 Nc6 9. Qa4 Nd7 10. Bf2 Bxc3+ 11. bxc3 Qa5 12. Qxa5 Nxa5 13. c5 Ne5 14. f4 Ng4 15. Bd4 e5 16. Bxe5 Nc6 17. Nf3 Re8 18. Bb5 Bd7 19. Bxc6 Bxc6 20. h3 Nh6 21. Nd2 f6 22. Bxf6 Bxe4 23. 0-0 Bd5 24. Rf2 Re6 25. Rb1 Rae8 26. Rb2 Re1+ 27. Kh2 R1e2 28. Nf3 Rxf2 29. Rxf2 Re1 30. Nxe1 1-0

[Event "FRA-ch Accession"]
[Site "Chambery"]
[Date "1994.??.??"]
[Round "4"]
[White "Damien, Nicolas"]
[Black "Redon, Bruno"]
[Result "1/2-1/2"]
[WhiteElo "2285"]
[BlackElo "2205"]
[PlyCount "43"]
[EventDate "1994.??.??"]
[EventType "swiss"]
[EventRounds "11"]
[EventCountry "FRA"]
[SourceTitle "EXT 2004"]
[Source "ChessBase"]
[SourceDate "2003.11.25"]
[SourceVersion "1"]
[SourceVersionDate "2003.11.25"]
[SourceQuality "1"]

1. e4 c5 2. Nf3 Nc6 3. Bb5 g6 4. 0-0 Bg7 5. Re1 Nf6 6. Nc3 0-0 7. e5 Ne8 8. Bxc6 dxc6 9. h3 c4 10. b3 cxb3 11. axb3 Nc7 12. Ne4 b6 13. d4 f5 14. exf6 exf6 15. Ba3 Re8 16. Nd6 Rxe1+ 17. Qxe1 Be6 18. c4 Qd7 19. Qe3 Kh8 20. Qf4 Bg8 21. Rd1 Rd8 22. Qc1 1/2-1/2

[Event "Maromme op"]
[Site "Maromme"]
[Date "1994.??.??"]
[Round "?"]
[White "Lokasto, Anatol"]
[Black "Redon, Bruno"]
[Result "1/2-1/2"]
[WhiteElo "2350"]
[BlackElo "2235"]
[PlyCount "114"]
[EventDate "1994.??.??"]
[EventType "swiss"]
[EventRounds "7"]
[EventCountry "FRA"]
[SourceTitle "EXT 1998"]
[Source "ChessBase"]
[SourceDate "1997.11.17"]
[SourceVersion "1"]
[SourceVersionDate "1997.11.17"]
[SourceQuality "1"]

1. e4 c5 2. Nf3 Nc6 3. b3 e5 4. Bc4 Be7 5. 0-0 d6 6. h3 Nf6 7. Nc3 0-0 8. Re1 a6 9. a4 Rb8 10. Bb2 Qe8 11. Nh2 Nd8 12. a5 Be6 13. Ng4 Qd7 14. Nxf6+ Bxf6 15. Nd5 Bxd5 16. Bxd5 Nc6 17. Qe2 Rbe8 18. Qc4 Bg5 19. Bxc6 Qxc6 20. Bc3 Kh8 21. b4 f5 22. d3 cxb4 23. Qxc6 bxc6 24. Bxb4 c5 25. Bc3 Rb8 26. Reb1 fxe4 27. dxe4 Rb5 28. Rxb5 axb5 29. a6 Ra8 30. a7 Bd8 31. Ra6 Bc7 32. Ba5 Bxa5 33. Rxa5 Kg8 34. Ra6 Kf7 35. Rxd6 Rxa7 36. Rd5 Ra4 37. Rxc5 Rxe4 38. Rxb5 Re1+ 39. Kh2 Re2 40. c4 Rxf2 41. Rxe5 Rc2 42. Rc5 Rc3 43. h4 g6 44. Rc6 Ke7 45. Rc7+ Kd6 46. Rxh7 Rxc4 47. Rh6 Ke5 48. Rxg6 Rxh4+ 49. Kg3 Ra4 50. Rg4 Ra3+ 51. Kh4 Kf6 52. Kh5 Ra1 53. Rg6+ Kf7 54. Rb6 Kg7 55. g4 Ra5+ 56. g5 Ra7 57. Rg6+ Kh7 1/2-1/2

[Event "Maromme op"]
[Site "Maromme"]
[Date "1994.??.??"]
[Round "?"]
[White "Redon, Bruno"]
[Black "Berend, Fred"]
[Result "1-0"]
[WhiteElo "2235"]
[BlackElo "2405"]
[PlyCount "101"]
[EventDate "1994.??.??"]
[EventType "swiss"]
[EventRounds "7"]
[EventCountry "FRA"]
[SourceTitle "EXT 1998"]
[Source "ChessBase"]
[SourceDate "1997.11.17"]
[SourceVersion "1"]
[SourceVersionDate "1997.11.17"]
[SourceQuality "1"]

1. e4 c5 2. Nc3 Nc6 3. g3 g6 4. Bg2 Bg7 5. d3 d6 6. f4 e6 7. Nf3 Nge7 8. 0-0 Bd7 9. Be3 Nd4 10. e5 Nef5 11. Bf2 Bc6 12. Ne4 Nxf3+ 13. Qxf3 dxe5 14. fxe5 Nd4 15. Qd1 Bxe5 16. c3 Nf5 17. Bxc5 Rc8 18. d4 Ne3 19. dxe5 Nxd1 20. Nd6+ Qxd6 21. exd6 Nxb2 22. Bxc6+ Rxc6 23. d7+ Kxd7 24. Rxf7+ Kc8 25. Bd4 e5 26. Bxe5 Re8 27. Bd4 Rc7 28. Raf1 Nc4 29. Rxc7+ Kxc7 30. Rf7+ Kc6 31. Rxh7 Re1+ 32. Kf2 Ra1 33. Rh6 Rxa2+ 34. Kf3 Kb5 35. h4 a5 36. Rxg6 a4 37. Rg5+ Ka6 38. Rc5 Nd2+ 39. Kf4 a3 40. Rc8 Nb3 41. h5 Nxd4 42. cxd4 b5 43. h6 b4 44. h7 Rh2 45. h8Q Rxh8 46. Rxh8 Kb5 47. Ra8 Kc4 48. Ke3 b3 49. Rxa3 b2 50. Ra4+ Kc3 51. Ra8 1-0

[Event "FRA-chT"]
[Site "France"]
[Date "1994.??.??"]
[Round "4"]
[White "Redon, Bruno"]
[Black "Elbilia, Jacques"]
[Result "0-1"]
[WhiteElo "2235"]
[BlackElo "2290"]
[PlyCount "54"]
[EventDate "1994.??.??"]
[EventType "team"]
[EventRounds "11"]
[EventCountry "FRA"]
[SourceTitle "EXT 1999"]
[Source "ChessBase"]
[SourceDate "1998.11.16"]
[SourceVersion "1"]
[SourceVersionDate "1998.11.16"]
[SourceQuality "1"]

1. e4 e5 2. Nf3 Nc6 3. Bc4 Bc5 4. c3 Nf6 5. d3 0-0 6. Bg5 d6 7. 0-0 h6 8. Bh4 Bg4 9. Nbd2 g5 10. Bg3 Nh5 11. Re1 Qf6 12. Qc2 Bb6 13. a4 a5 14. Rad1 Nf4 15. Bxf4 gxf4 16. h3 Bh5 17. Re2 Kh8 18. Kh2 Rg8 19. Rg1 Rg7 20. Qd1 Rag8 21. Qf1 Ne7 22. Re1 Ng6 23. Bb3 Nh4 24. Nxh4 Qxh4 25. d4 exd4 26. e5 dxc3 27. Ne4 Bf3 0-1

[Event "FRA-ch Accession"]
[Site "Chambery"]
[Date "1994.??.??"]
[Round "3"]
[White "Redon, Bruno"]
[Black "Nataf, Igor Alexandre"]
[Result "1/2-1/2"]
[WhiteElo "2205"]
[BlackElo "2315"]
[PlyCount "100"]
[EventDate "1994.??.??"]
[EventType "swiss"]
[EventRounds "11"]
[EventCountry "FRA"]
[SourceTitle "EXT 2004"]
[Source "ChessBase"]
[SourceDate "2003.11.25"]
[SourceVersion "1"]
[SourceVersionDate "2003.11.25"]
[SourceQuality "1"]

1. e4 Nf6 2. e5 Nd5 3. d4 d6 4. c4 Nb6 5. exd6 cxd6 6. Nc3 g6 7. Bd3 Bg7 8. Nge2 0-0 9. 0-0 Nc6 10. d5 Ne5 11. b3 Nxd3 12. Qxd3 Bf5 13. Qd2 e5 14. dxe6 Bxe6 15. Ba3 Re8 16. Qxd6 Qxd6 17. Bxd6 Nxc4 18. bxc4 Bxc4 19. Rae1 Rad8 20. Bf4 b5 21. a3 a6 22. Be3 f5 23. Rc1 Bxc3 24. Nxc3 Bxf1 25. Kxf1 Rd3 26. Ke2 Rd4 27. Rd1 Rc4 28. Nd5 Kf7 29. g3 Rd8 30. h4 Rc2+ 31. Kf3 Rc6 32. Nc3 Rxd1 33. Nxd1 Rc2 34. Kf4 a5 35. Ke5 b4 36. axb4 a4 37. Bd4 a3 38. Nc3 a2 39. Nxa2 Rxa2 40. Kd5 Ke7 41. Kc6 Kd8 42. b5 Kc8 43. b6 Rc2+ 44. Kd6 Rc4 45. Kd5 Ra4 46. Ke5 f4 47. gxf4 Ra5+ 48. Kd6 Kb7 49. Bc5 Ra4 50. Ke5 Ra5 1/2-1/2